The stains of imprisonment. Moral communication and men convicted of sex offenses (Record no. 530972)
[ view plain ]
| 000 -LEADER | |
|---|---|
| fixed length control field | 00630nam a22001457a 4500 |
| 008 - FIXED-LENGTH DATA ELEMENTS--GENERAL INFORMATION | |
| fixed length control field | 250722b ||||| |||| 00| 0 eng d |
| 100 ## - MAIN ENTRY--PERSONAL NAME | |
| Personal name | Chamberlen, Anastasia |
| 245 ## - TITLE STATEMENT | |
| Title | The stains of imprisonment. Moral communication and men convicted of sex offenses |
| 260 ## - PUBLICATION, DISTRIBUTION, ETC. (IMPRINT) | |
| Place of publication, distribution, etc | Social & Legal Studies |
| 300 ## - PHYSICAL DESCRIPTION | |
| Extent | 34(3), Jun, 2025: p.464-466 |
| 520 ## - SUMMARY, ETC. | |
| Summary, etc | Ievins Alice, Oakland: university of California Press, 2023. pp. 214, ISBN 9780520383722, £30.00 (pbk).-Reproduced https://journals.sagepub.com/doi/abs/10.1177/09646639241277685 |
| 773 ## - HOST ITEM ENTRY | |
| Main entry heading | Social & Legal Studies |
| 906 ## - LOCAL DATA ELEMENT F, LDF (RLIN) | |
| Subject DIP | BOOK REVIEW |
| 942 ## - ADDED ENTRY ELEMENTS (KOHA) | |
| Item type | Articles |
| Withdrawn status | Lost status | Source of classification or shelving scheme | Damaged status | Not for loan | Permanent location | Current location | Date acquired | Serial Enumeration / chronology | Barcode | Date last seen | Koha item type |
|---|---|---|---|---|---|---|---|---|---|---|---|
| Indian Institute of Public Administration | Indian Institute of Public Administration | 2025-07-22 | 34(3), Jun, 2025: p.464-466 | AR136692 | 2025-07-22 | Articles |
